Statistics for Largest Cities in Belgium

Click here to take the quiz!

General Stats

  • This quiz has been taken 38 times
  • The average score is 6 of 10

Answer Stats

Answer % Correct
Brussels
100%
Antwerp
94%
Bruges
87%
Ghent
84%
Liege
81%
Charleroi
55%
Namur
48%
Leuven
45%
Anderlecht
13%
Schaarbeek / Schaerbeek
6%

Score Distribution

Percentile by Number Answered

Percent of People with Each Score

Your Score History

You have not taken this quiz